[Event "Reykjavik zt"]
[Site "Reykjavik"]
[Date "1995.??.??"]
[Round "8"]
[White "Cramling, Pia"]
[Black "Hjartarson, Johann"]
[Result "0-1"]
[WhiteElo "2520"]
[BlackElo "2590"]
[Annotator "Hjartarson,J"]
[PlyCount "126"]
[EventDate "1995.03.??"]
[EventType "swiss"]
[EventRounds "11"]
[EventCountry "ISL"]
[SourceTitle "CBM 047"]
[Source "ChessBase"]
[SourceDate "1995.08.01"]
[SourceVersion "1"]
[SourceVersionDate "1995.08.01"]
[SourceQuality "1"]

1. d4 {Hansen,Cu} Nf6 2. c4 e6 3. Nf3 b6 4. a3 Bb7 5. Nc3 d5 6. cxd5 Nxd5 7.
Bd2 Nd7 $1 8. Qc2 c5 9. e4 (9. Nxd5 {Hansen,Cu} Bxd5 10. e4 Bb7 11. Rd1 cxd4
12. Nxd4 a6 13. Bc3 Qc7 14. Be2 Be7 15. O-O O-O $10 {Anastasian,A-Dive,R/
Moscow olm/1994/}) 9... Nxc3 10. Bxc3 cxd4 11. Nxd4 (11. Bxd4 {Hansen,Cu} Rc8
12. Bc3 a6 13. Bd3 Be7 14. O-O Bf6 15. e5 Nxe5 16. Nxe5 Bxe5 17. Bxa6 Bxh2+ 18.
Kxh2 Qh4+ 19. Kg1 Bxa6 $17 {Kamsky,G-Karpov,An/Melody Amber/1995/}) 11... a6
12. g3 (12. Nf3 {Hansen,Cu} Qc7 13. Rc1 Rc8 {1/2-1/2 Schmidt,Wl-Stoica,V/
Athens (open) 38/(662) 1984}) (12. Rd1 {Hansen,Cu} Qc7 13. Be2 Be7 14. O-O O-O
{= Nogueiras,J-Vilela,J/Cienfuegos 37/(566) 1984}) 12... Be7 (12... Qc7 13. Bg2
Bc5 $6 (13... Rc8 $10) (13... Be7 $10) 14. Rc1 $1 {N} (14. Qe2 O-O 15. O-O Rac8
16. Rfd1 Rfd8 17. Rac1 Bf8 18. Qe3 Nc5 (18... Ne5 19. Bb4 Nc4 20. Qe2 Bxb4 21.
axb4 {פc4}) 19. Be1 $6 (19. f3 Na4 20. Bb4 $10) 19... Qd7 $1 {/\e5} 20. Rd2
Qa4 $1 $17 {Akopian,V-Salov,V/Tilburg/1994} (20... Qa4 {Hansen,Cu} 21. b4 Nd7
$15 {Akopian-Salov/Tilburg/1994})) 14... O-O 15. O-O Rac8 (15... Rad8 $5 {
Hansen,Cu} 16. Nb3 Be7 17. Qe2 Qb8 18. Rfd1 Rfe8 $10) 16. Nb3 $1 Be7 (16...
Rfd8 17. Nxc5 Nxc5 18. Qe2 $14 {/\Qg4->}) (16... Qb8 {Hansen,Cu} 17. Nxc5 Nxc5
18. b4 Nd7 19. Qb2 $16) 17. Qd1 $1 $14 {xQc7,g7} Ne5 $4 (17... Rfd8 $2 18. Bxg7
$1 Nc5 19. Bd4 e5 20. Qg4+ $18) (17... Nc5 $1 18. Qg4 (18. Nxc5 Qxc5 $5 (18...
bxc5 19. Qe2 $14) 19. Bxg7 (19. Qg4 $2 Qg5 $10) 19... Qxc1 20. Qxc1 Rxc1 21.
Rxc1 Kxg7 22. Rc7 Bxa3 23. bxa3 Rb8 $14) 18... e5 19. Bb4 $14 (19. Nxc5 Bxc5
$10)) 18. Bxe5 Qxe5 19. Qd7 Bg5 20. f4 Rxc1 21. fxe5 $18 {Akopian,V-Ehlvest,J/
Moscow olm/1994}) 13. Bg2 O-O 14. O-O Rc8 (14... Qc7 15. Rac1 Rac8 16. Qe2 Rfd8
17. Nb3 Ne5 18. Bb4 Qd7 19. Bxe7 Qxe7 20. f4 Nd7 21. e5 Nc5 $10 {Akopian,
V-Gurevich,M/Haifa/1995/}) 15. Rfd1 Qc7 16. Qe2 Rfd8 (16... b5 $6 {Hansen,Cu /
\Nd7-b6} 17. Rac1 Qb8 $2 18. Nxb5 $16) 17. Rac1 Nc5 $10 (17... Qb8 $5 18. Nxe6
(18. Rc2 {Hansen,Cu} Nf6 19. f3 Nd7 20. Rcd2 Nc5 21. Nc2 $10 {Votruba,P-Stoica,
V/Athens op 38/662/1984/}) 18... fxe6 19. Qg4 Nf6 20. Qxe6+ Kf8 21. e5 Ne8 22.
Qf5+ Kg8 23. Qe6+ $10) 18. Bb4 (18. Qg4 Bf8 $10 (18... Bf6 $2 19. Nb5 $1 (19.
Nxe6 $2 Nxe6 20. Bxf6 Rxd1+ 21. Rxd1 h5 $1 $19) 19... Rxd1+ (19... axb5 20.
Bxf6 Rxd1+ 21. Rxd1 g6 22. Qg5 $18) 20. Rxd1 Qe7 21. Nd6 Rd8 22. e5 Bg5 23.
Bxb7 Nxb7 24. h4 Bh6 25. Nxb7 Rxd1+ 26. Qxd1 $18)) (18. b4 {Hansen,Cu} Na4 $15)
18... Qb8 {/\a6-a5} 19. Nb3 (19. h4 {Hansen,Cu} a5 20. Be1 $15) 19... Bg5 $1
20. Bd2 (20. Nxc5 $2 Bxc1 $19) 20... Bxd2 21. Nxd2 h6 22. Nc4 Qc7 23. Rxd8+ (
23. e5 $1 Bxg2 (23... Nb3 {Hansen,Cu} 24. Rc3 Bxg2 25. Nd6 $14) 24. Kxg2 $10 (
24. Kxg2 Nb3 25. Rc3 Qc6+ 26. Kg1 Qb5 $13)) 23... Rxd8 24. Na5 $2 (24. e5 $10)
24... bxa5 25. b4 (25. Qe3 {Hansen,Cu} Qb6 26. Rxc5 Qxb2 27. h3 Rd1+ 28. Kh2
Rd2 $17) 25... axb4 26. axb4 Bc6 $1 27. bxc5 (27. Rxc5 Qb7 $15 {/\Rd4} (27...
Qb7 $15 {Hansen,Cu /\Rd4} 28. Qc2 Be8)) 27... Qb7 $15 {/\Rd4,/\a6-a5-a4} (27...
a5 $6 28. Qa6 $10) 28. Bf1 $6 (28. f4 {/\e5=/+}) 28... a5 29. Qa6 Qxa6 30. Bxa6
a4 (30... Bxe4 $4 {Hansen,Cu} 31. c6 $16) 31. f3 Rd2 $1 $17 32. Rc3 (32. Rb1 $2
Rc2 $19) 32... g5 $1 {/\Kg7-f6-e5} 33. h3 Kg7 34. Kf1 Kf6 35. Ke1 Rd4 $2 $138 (
35... Rb2 36. Kd1 (36. f4 {Hansen,Cu} Bxe4 37. c6 Bxc6 (37... a3 $2 38. c7 a2
39. Ra3 $18) 38. Rxc6 a3 39. Rc1 (39. Bc4 Rc2 $19) 39... a2 $17 (39... Rg2 $5)
40. Bd3 gxf4 $5 (40... Rg2 $5) 41. gxf4 e5) (36. Rd3 Rc2 $19) 36... Ke5 $17)
36. Ke2 Ke7 (36... Ke5 $2 37. Ke3 {/\f4 /\f4+}) 37. Rd3 Rb4 38. Ke3 (38. Rd6 $2
a3 39. Rxc6 a2 40. Rc7+ Kf6 $19) 38... Bb5 (38... e5 $5 $15) 39. Bxb5 $138 Rxb5
40. Kd4 $4 (40. c6 Rc5 (40... Rb3 {Hansen,Cu} 41. Rxb3 axb3 42. Kd3 Kd6 43. Kc3
Kxc6 44. Kxb3 Kc5 45. Kc3 e5 46. g4 f6 47. Kd3 Kb4 48. Kd2 $10) (40... Ra5 41.
c7 Rc5 42. Ra3 $10) 41. Rd7+ Kf6 (41... Ke8 42. Ra7 $10) 42. Ra7 $10) 40...
Rb4+ $1 41. Ke3 $8 (41. Kc3 Rb3+ 42. Kc4 Rxd3 43. Kxd3 Kd7 44. Kc4 Kc6 45. Kb4
a3 $19) 41... Rc4 (41... Rb3 $2 42. Rxb3 axb3 43. Kd3 Kd7 44. Kc3 Kc6 45. Kxb3
Kxc5 46. Kc3 e5 47. g4 f6 48. Kd3 Kb4 49. Kc2 Kc4 50. Kd2 Kd4 51. Ke2 Kc3 52.
Ke3 $10) 42. Ra3 e5 $1 $17 43. Kd3 (43. f4 $6 f6 $17 {xe4}) 43... Rd4+ 44. Kc3
(44. Kc2 Kd7 45. Rc3 Kc6 46. Kb2 Rd7 $1 (46... Rd2+ 47. Ka3 Rh2 48. Kxa4 $10)
47. Ka3 Ra7 48. g4 (48. Kb4 $2 a3 49. Rxa3 Rxa3 50. Kxa3 Kxc5 $19) 48... Ra6 $1
49. Rc1 Kb5 50. Rc2 Rc6 51. Rb2+ Kxc5 52. Rc2+ (52. Kxa4 Ra6+ 53. Kb3 Rb6+ 54.
Kc3 Rxb2 55. Kxb2 Kd4 $19) 52... Kb5 53. Rb2+ Ka5 $19) 44... Kd7 45. Ra1 Kc6
46. Rb1 Kxc5 47. Rb7 f6 48. Rc7+ Kd6 49. Rh7 Ke6 $1 50. Rc7 (50. Rxh6 a3 {/\Ra4
} 51. Kb3 Rd3+ 52. Ka2 Rxf3 $19) (50. Ra7 Rd1 51. Rxa4 Rf1 52. Ra6+ Kf7 53.
Ra7+ Kg6 $19) 50... Rd7 $1 51. Rc5 Ra7 52. Rc6+ Ke7 53. Kb4 (53. Kb2 Rb7+ 54.
Ka3 Rb3+ $19) 53... a3 54. Rc1 a2 55. Ra1 Kd6 56. Rd1+ Kc6 57. Rc1+ Kb6 58. Ra1
Ra8 59. h4 h5 60. hxg5 $6 (60. Kc4 Ra3 $1 61. Kd5 gxh4 62. gxh4 Kb5 63. Ke6
Ra6+ 64. Kf5 Kc4 65. Kg6 Kb3 66. Kxh5 Kb2 67. Rxa2+ Kxa2 68. Kg6 Kb3 69. h5 Kc4
70. h6 Kd4 71. h7 Ra8 72. Kxf6 Rb8 73. Kf5 Rh8 74. Kg6 Ke3 $19) 60... fxg5 61.
Kc4 h4 62. gxh4 gxh4 63. Kd5 Ra5+ 0-1

[Event "World Cup"]
[Site "Reykjavik"]
[Date "1991.??.??"]
[Round "13"]
[White "Ivanchuk, Vassily"]
[Black "Hjartarson, Johann"]
[Result "1/2-1/2"]
[WhiteElo "2735"]
[BlackElo "2550"]
[Annotator "Hjartarson,J"]
[PlyCount "43"]
[EventDate "1991.09.??"]
[EventType "tourn"]
[EventRounds "15"]
[EventCountry "ISL"]
[EventCategory "16"]
[SourceTitle "CBM 026"]
[Source "ChessBase"]
[SourceDate "1992.02.01"]
[SourceVersion "1"]
[SourceVersionDate "1992.02.01"]
[SourceQuality "1"]

1. d4 Nf6 2. c4 e6 3. Nf3 b6 4. a3 Bb7 5. Nc3 d5 6. cxd5 Nxd5 7. e3 Be7 8. Bb5+
c6 9. Bd3 O-O 10. O-O c5 11. Nxd5 exd5 (11... Qxd5 12. e4 Qh5 13. dxc5 Bxc5 14.
Qe2 Nd7 15. Bf4 $14 {Malich-Haag, Zinnowitz 1966}) 12. b3 Nd7 13. Bb2 Bf6 $1 (
13... Rc8 14. Ne5 $1 Nxe5 15. dxe5 g6 16. f4 $14) 14. Ne5 g6 15. f4 Bg7 (15...
Nxe5 $2 16. dxe5 Bg7 17. f5 $16) 16. a4 Nxe5 $1 17. fxe5 (17. dxe5 $2 Qe7 $15 {
/\ 18...f6}) 17... f6 18. dxc5 fxe5 (18... bxc5 $2 19. exf6 Bxf6 20. Bxf6 Rxf6
21. Qg4 Rxf1+ 22. Rxf1 Qd6 23. h4 $16) 19. Rxf8+ Qxf8 20. cxb6 axb6 21. Qd2 Qe7
22. Rf1 (22. Rf1 Qg5 $15) 1/2-1/2

[Event "Linares 14th"]
[Site "Linares"]
[Date "1997.02.10"]
[Round "6"]
[White "Dreev, Alexey"]
[Black "Piket, Jeroen"]
[Result "1-0"]
[WhiteElo "2650"]
[BlackElo "2640"]
[Annotator "Huzman,A"]
[PlyCount "83"]
[EventDate "1997.02.04"]
[EventType "tourn"]
[EventRounds "11"]
[EventCountry "ESP"]
[EventCategory "18"]
[SourceTitle "CBM 057"]
[Source "ChessBase"]
[SourceDate "1997.04.01"]
[SourceVersion "1"]
[SourceVersionDate "1997.04.01"]
[SourceQuality "1"]

1. d4 Nf6 2. c4 e6 3. Nf3 b6 4. a3 Ba6 5. Qb3 d5 6. cxd5 exd5 7. Nc3 Be7 8. Bg5
c6 9. Bxf6 Bxf6 10. e4 O-O (10... dxe4 11. Nxe4 O-O 12. Bxa6 Nxa6 13. O-O Nc7
14. Rac1 Re8 15. Nxf6+ Qxf6 16. Qa4 Re6 17. Rfe1 $14 {1-0 Barlov-Cabrilo/ch-YU/
SW,10,9 1989 (26)}) (10... Bxf1 11. Rxf1 dxe4 12. Nxe4 O-O 13. O-O-O Qe7 (13...
Nd7 14. Kb1 (14. Ne5 Bxe5 15. dxe5 Qe7 16. f4 Nc5 17. Nxc5 Qxc5+ 18. Kb1 Rad8
19. Rc1 $14 {Wells,P-Kalesis,N/Budapest FS02 GM 1994/1/2-1/2 (74)}) 14... Qc7
15. Rfe1 Rad8 16. Qc2 Rc8 17. h4 Be7 18. Neg5 Bxg5 19. hxg5 Rfe8 20. Qf5 $14 {
0-1 Barlov,D-Sturua,Z/Baden Baden op 1991 (42)}) 14. Rfe1 Nd7 15. Kb1 g6 16.
Qc2 Rac8 17. Ne5 Nxe5 18. dxe5 Bxe5 19. Nd6 Rcd8 20. Nc4 Rxd1+ 21. Qxd1 f6 22.
f4 Qf7 23. Nxe5 fxe5 24. fxe5 Qd5 $11 {Farago,I-Roeder,M/Cappelle la Grande op
1996/1/2-1/2 (55)}) 11. Bxa6 Nxa6 12. exd5 Re8+ 13. Kf1 c5 14. Rd1 (14. Qc4
cxd4 15. Nxd4 Rc8 16. Nc6 Nb8 $36) 14... Qd7 (14... cxd4 $6 {xc6} 15. Nxd4 Nc5
16. Qc4 (16. Qc2 Rc8 17. g3 Qd7 18. Kg2 Ne4 19. Nc6 Nxc3 20. bxc3 Rxc6 21. dxc6
Qxc6+ 22. f3 Re3 23. Qf2 Rxc3 $14) 16... Rc8 17. g3 (17. Nc6 Qd7 $44 18. b4 $2
Bxc3 19. Qxc3 Rxc6 $17) 17... Ne4 18. Nc6 Nxc3 19. bxc3 Qd6 20. Kg2 $16 Qxa3
21. d6) 15. h3 Rad8 (15... cxd4 16. Nxd4 Nc5 17. Qb5 (17. Qc2 Rac8 18. Qf5 Qxf5
19. Nxf5 Bxc3 20. bxc3 Ne4 $44) 17... Rad8 18. Nc6 (18. b4 Qxb5+ 19. Ndxb5 Bxc3
20. Nxc3 (20. bxc5 Ba5 {/\21...Rd5} 21. g3)) 18... Bxc3 19. bxc3 Ne4 $36 {
/\20...Qf5}) 16. g3 Nc7 (16... cxd4 17. Nxd4 Nc5 18. Qc4 Na4 $5 (18... Ne4 19.
Nc6 (19. Nde2 Bxc3 20. Nxc3 (20. bxc3 Qf5 $44) 20... Qf5 21. Nxe4 Rxe4 (21...
Qf3 22. Nf6+ Kh8 23. Nxe8 Qxh1+ 24. Ke2 Rxe8+ 25. Kd2 Qxh3 26. Re1 $14) 22. Qd3
Re5 23. Qxf5 Rxf5 24. d6 Rf6 25. d7 Re6 26. Kg2 Re7 27. Rhe1 Kf8 $11) 19...
Bxc3 20. Nxd8 (20. bxc3 Qf5 $17) 20... Qf5 $40)) 17. dxc5 Bxc3 18. bxc3 Nxd5
19. Kg2 Qc6 20. c4 $1 Nc7 21. cxb6 axb6 22. Rxd8 Rxd8 23. Rd1 $16 Rb8 (23...
Re8 24. Qb4 $16) 24. Qd3 h6 (24... Ne6 25. Qd5 $16) 25. Re1 Ne6 26. Qd5 Qc7 (
26... Qc5 27. Ne5 Rd8 28. Qb7 Ng5 29. h4 Rd2 30. hxg5 Qxf2+ 31. Kh3 Qh2+ 32.
Kg4 h5+ (32... Rd4+ 33. Kf3 Qh5+ 34. Ke3 $18) 33. Kf4 Qf2+ (33... Rd4+ 34. Kf3
$18) 34. Nf3 Rd4+ 35. Re4 $18) 27. Ne5 Rd8 28. Qc6 Qa7 (28... Qxc6+ $142 29.
Nxc6 Ra8 (29... Rd3 30. Re3 $16) 30. Rb1 $16) 29. Rb1 Rb8 30. h4 Nc5 31. Qd5
Re8 32. Re1 Qc7 33. Re3 Re6 34. h5 Kh7 35. Ng4 $1 {The white find a correct
plan lowing the number of defenders of the black position.} Kg8 36. Rxe6 Nxe6
37. Ne3 Qa7 38. Qd6 Qa8+ 39. Nd5 b5 40. c5 $1 (40. cxb5 Nc7 41. Qxc7 Qxd5+ 42.
f3 Qxb5 $16) 40... Nd4 41. Qd7 (41. c6 $2 Qxc6 $11) 41... Nc6 42. Nb6 1-0